Tilastot visalle Yleisurheilun olympialajit

Klikkaa tästä pelataksesi tätä visaa!

Yleistilastot

  • Tätä visaa on pelattu 855 kertaa
  • Keskiarvotulos 18 / 26

Vastaustilastot

Laji% Oikein
Keihäänheitto
95%
Pituushyppy
95%
100 metrin juoksu
91%
Korkeushyppy
91%
Kuulantyöntö
91%
200 metrin juoksu
87%
400 metrin juoksu
86%
Seiväshyppy
83%
Kolmiloikka
81%
800 metrin juoksu
80%
Moukarinheitto
79%
10 000 metrin juoksu
77%
5 000 metrin juoksu
77%
Kiekonheitto
77%
1 500 metrin juoksu
71%
Maraton
69%
100 metrin aitajuoksu
68%
110 metrin aitajuoksu
60%
400 metrin aitajuoksu
59%
Kymmenottelu
59%
Seitsenottelu
57%
3 000 metrin estejuoksu
48%
50 kilometrin kävely
38%
20 kilometrin kävely
35%
4 x 100 metrin viestijuoksu
32%
4 x 400 metrin viestijuoksu
31%

Tulosjakauma

Persentiili vastausten määrän mukaan

Jokaisen tuloksen saaneiden osuus

Tuloshistoriasi

Et ole pelannut tätä visaa